1616 1545 1849 1716 1432 1517 1023 1207 1600 1004 1871 1804 1495 1962 1444 1577 1723 1454 1157 1687 1014 1526 1683 1081 1962 1027 1111 1943 1220 1404 1039 1724 1102 1334 1348 1851 1225 1402 1110 1192 1570 1904 1050 1288 1751 1935 1674 1552 1837 1036 1908 1548 1263 1041 1433 1446 1453 1685 1195 1775 1665 1737 1369 1114 1175 1390 1037 1216 1888 1675 1491 1324 1469 1449 1981 1611 1934 1985 1637 1508 1250 1894 1836 1588 1367 1044 1382 1804 1376 1517 1477 1002 1476 1714 1085 1924 1119 1623 1928 BCNSPRNW ULIB Ver.6.0+V

เปลี่ยนเป็นภาษาไทย

Change to English
 แสดงรายละเอียดบรรณานุกรม
  กลับหน้าหลัก

Brief Record : Get Marc (ISO 2709) : E-mail record : QR code < ปิดหน้าต่าง
LEADER : 00000nam 2200000uu 4500
001    13399121082
003     ULIB
008    121105s2552||||th 000 0 tha d
020    ^a9789740323808
050 04 ^aJQ1741^bอ332ค 2552
100 0  ^aอรพรรณ พนัสพัฒนา
245 00 ^aคู่มือกฎหมายประชาชน /^cอรพรรณ พนัสพัฒนา บรรณาธิการ
250    ^aพิมพ์ครั้งที่ 2
260    ^aกรุงเทพฯ :^bสำนักพิมพ์แห่งจุฬาลงกรณ์มหาวิทยาลัย,^c2552
300    ^a61 หน้า
650  7 ^aกฎหมาย^zไทย
650  7 ^aกฎหมาย^xรวมเรื่อง
945    ^p40^l0^i17839
945    ^p40^l0^i17840
995    ^aกัณชพร
999 ^a กัณชพร
รายการนี้ยังไม่มีแท็ก
คุณยังไม่ได้ล็อกอิน คุณสามารถมีกิจกรรมร่วมกับเว็บไซต์ได้ แต่ต้องล็อกอินก่อน ::
  ล็อกอิน

รายการสื่อสารสนเทศ

ลำดับที่ ประเภท เลขเรียก/บาร์โค้ด สถานที่ สถานะ
1. นวนิยาย
นวนิยาย
JQ1741 อ332ค 2552  
  Barcode: 17839
ห้องสมุดวิทยาเขตสวรรค์ประชารักษ์
►หนังสือทั่วไป
บนชั้น
2. นวนิยาย
นวนิยาย
JQ1741 อ332ค 2552 ฉ.2 
  Barcode: 17840
ห้องสมุดวิทยาเขตสวรรค์ประชารักษ์
►หนังสือทั่วไป
บนชั้น

รายการใกล้เคียง
    ผู้แต่ง [อรพรรณ พนัสพัฒนา]

BibComment


ยังไม่เคยถูกคอมเมนท์

คอมเมนท์ทรัพยากรรายการนี้
  คอมเมนท์: คู่มือกฎหมายประช..


 Copyright 2026. Bcnsprnw @Library